| 000 | 00432nam a2200145Ia 4500 | ||
|---|---|---|---|
| 003 | OSt | ||
| 005 | 20260121113455.0 | ||
| 008 | 211028s2014 xx 000 0 und d | ||
| 040 | _cAIMIT LIBRARY | ||
| 041 | _aeng | ||
| 100 |
_aTellis, Vinitha Georgina; Kudtarkar, Ravi. _g1216152 _97262 |
||
| 245 | _aEmployee satisfacton level at SMD design house in Dubai U A E / | ||
| 260 |
_aMangalore _bRavi Kudtarkar _c2014 |
||
| 942 |
_2ddc _cPRO |
||
| 999 |
_c218832 _d218832 |
||